000 00388nam a22001697a 4500
999 _c11763
_d11763
003 OSt
008 230127b ||||| |||| 00| 0 eng d
020 _a9789353387273
082 _a658.4033 SHB
100 _aSHARMA,JK
245 _aBusiness Statistics
250 _a5th Ed
260 _aNew Delhi
_bVikas
_c2022
300 _a759
650 _aBusiness Statistics
942 _2ddc
_cREF